Red Pikler: 10 años por la infancia

Guardado en:
Detalles Bibliográficos
Formato: Libros domicilio, Libros Sala
Lenguaje:Español
Publicado: Red Pikler
Materias:
LEADER 00861nam#a2200301#c#4500
001 UMA-000273
003 UMA
005 20260410 165452
008 260410suuuu#### ##########||||#0#spa#d
041 0 # |a spa 
044 # # |a ag 
082 0 4 |a SEDE CENTRAL 305.23 RED 
245 0 0 |a Red Pikler: 10 años por la infancia 
264 # 0 |a Buenos Aires, Argentina  |b Red Pikler  |c [2020] 
300 # # |a 180 páginas  |c 14 x20 cm 
336 # # |a texto  |b txt  |2 rdacontent 
337 # # |a no mediado  |b n  |2 rdamedia 
338 # # |a volumen  |b nc  |2 rdacarrier 
500 # # |a Entre Todos y Todas 
650 # 0 |a Primera infancia 
650 # 0 |a Psicología infantil 
650 # 0 |a Niños 
650 # 0 |a Artículos seleccionados 
650 # 0 |a Acompañamiento temprano 
650 # 0 |a Desarrollo infantil 
650 # 0 |a Sede Central 
650 # 0 |a Donación Irene Jusza 
650 # 0 |a Ponencias Congresos Red Pikler